000 00342nam a2200133Ia 4500
008 170224s9999 xx 000 0 und d
245 _aOrganizing and reframing technological determinism
260 _bNew Media & Society
260 _c2016
300 _a18:
500 _a2016
650 _xCommunication Arts
650 _xMultimedia Arts
999 _c316251
_d316251